Statistics for Rhymes with Three

Click here to take the quiz!

General Stats

  • This quiz has been taken 119 times
    (101 since last reset)
  • The average score is 20 of 26

Answer Stats

Letter
Answer
% Correct
BBe
99%
HHe
96%
BBee
95%
PPee
95%
SSee
95%
MMe
94%
WWe
94%
FFee
92%
FFlee
92%
LLee
92%
FFree
87%
TTee
87%
WWee
87%
KKey
86%
TTea
85%
GGlee
83%
SSea
82%
PPlea
81%
TTree
81%
FFlea
74%
SShe
71%
LLea
69%
KKnee
56%
DDegree
6%
DDecree
4%
GGuarantee
1%

Score Distribution

Percentile by Number Answered

Percent of People with Each Score

Your Score History

You have not taken this quiz since the last reset